A somorjai Nagyboldogasszony-templom kincsei

Bibliographic Details
Format: Book
Language:Hungarian
PhysicalDescription:54 s., [6] s. fareb. fotogr. príl. tab. 21 cm
Published: Somorja Wanted 2005
ISBN:8096935100 (brož.)
Edition:[1. kiad.]
Subjects:

MARC

LEADER 00000nam a2200000 a 4500
001 vtls008183092
003 SK-MaSNL
005 20260302074041.0
008 160610s2005 xo ol g 000 0 hun
015 |a SNBA2005/11-04691 
020 |a 8096935100 (brož.) 
035 |a 7E4E3DF8-CA4A-48B0-A096-3E041216DDE7 
035 |a urn:nbn:sk:snk-aml07z 
035 |a urn:nbn:sk:snk-am008oge 
040 |a SNK  |b slo  |c SNK  |e AACR2 
041 |a hun 
043 |a e-xo--- 
044 |a xo  |c SK 
072 7 |a 27  |x Kresťanstvo. Kresťanská cirkev všobecne. Ekleziológia  |2 konspekt 
080 |a (437.6)  |2 MDT-MRF 
080 |a (082.2)  |2 MDT-MRF 
080 |a 726.54:272  |2 MDT-MRF 
245 0 0 |a A somorjai Nagyboldogasszony-templom kincsei 
250 |a [1. kiad.] 
260 |a Somorja  |b Wanted  |c 2005 
300 |a 54 s., [6] s. fareb. fotogr. príl.  |b tab.  |c 21 cm 
504 |a Bibliogr. odkazy 
506 |a 1000 výtl. 
610 2 7 |a Kostol Nanebovstúpenia Panny Márie (Šamorín, Slovensko)  |2 SNKPH  |9 588956 
650 0 7 |a katolícke kostoly  |z Slovensko  |2 SNKPH  |9 68122 
651 7 |a Šamorín (Slovensko)  |2 SNKPH  |9 28925 
655 7 |a jubilejné publikácie  |2 SNKPH  |9 70339 
752 |a Slovensko  |d Šamorín 
919 |a 80-969351-0-0 
958 |a OND 
968 |d 2 
999 |c 1163433  |d 1165363 
952 |a SNK  |b SNK  |y PREZ  |7 0  |p 17A0476561  |o snkSC 120655  |i snk2005/11795  |8 0  |0 0  |1 0  |4 0  |d 2005-07-08  |f 1  |l 0  |r 2025-05-30 00:00:00  |w 2026-02-24 
952 |a SNK  |b SNK  |y VYP  |7 0  |p 17A0476562  |o snkSC 120655 D1  |i snk2005/11796  |8 0  |0 0  |1 0  |4 0  |d 2005-07-08  |l 0  |r 2026-02-24 20:40:24  |w 2026-02-24